00601nam a2200157 a 450000100100000000500170001000800410002704000250006808200140009310000230010724500300013026000530016030000280021395201850024199900170042600003478120200930073911.0111019s1958 enka 000 0 fre d aDO-SdBNPbspacBNPHU axxxbT1881 aTarlé, E.96027310aTalleyrand /cE. Tarlé. aMoscou :bEditions en Langues Etrangeres,c1958. a343 p. :bil. ;c21 cm. 001050718RVaGRbGRcCTd2011-10-19iLF1l0oxxx T188p34781-10r2020-06-25w2020-06-25y1zPerteneció a la biblioteca personal de Juan Isidro Jimenes- GrullónZNo se presta c34272d34272